Statistics for Monarchs known as the Great ( European Version )

Click here to take the quiz!

General Stats

  • This quiz has been taken 33 times
  • The average score is 7 of 21

Answer Stats

CountryMonarch% Correct
RussiaCatherine
89%
RussiaPeter
89%
PrussiaFrederick
71%
MoscowIvan
64%
WessexAlfred
54%
RomanConstantine
43%
CastileFerdinand
36%
ByzantineJustinian
36%
HREOtto
32%
HungaryLouis
29%
Rus'Vladimir
29%
SwedenGustavus Adolphus
25%
PolandCasimir
25%
PamplonaSancho
21%
DenmarkCnut
21%
AsturiasAlfonso
14%
LithuaniaVytautus
11%
CroatiaKresimir
7%
KievMstislav
7%
BulgariaSimeon
7%
HalychRoman
4%

Score Distribution

Percentile by Number Answered

Percent of People with Each Score

Your Score History

You have not taken this quiz